Managing Customer Value: One Step at a Time (Record no. 43503)

MARC details
000 -LEADER
fixed length control field 00548nam a22001937a 4500
005 - DATE AND TIME OF LATEST TRANSACTION
control field 20250401145858.0
008 - FIXED-LENGTH DATA ELEMENTS--GENERAL INFORMATION
fixed length control field 250401b |||||||| |||| 00| 0 eng d
020 ## - INTERNATIONAL STANDARD BOOK NUMBER
International Standard Book Number 9781944660635
041 ## - LANGUAGE CODE
Language code of text/sound track or separate title eng
082 ## - DEWEY DECIMAL CLASSIFICATION NUMBER
Classification number 658.812 SOM
100 ## - MAIN ENTRY--PERSONAL NAME
Author Soman, Dilip
245 ## - TITLE STATEMENT
Title Managing Customer Value: One Step at a Time
250 ## - EDITION STATEMENT
Edition statement 2nd
260 ## - PUBLICATION, DISTRIBUTION, ETC.
Place New Jersey
Publisher World Scientific
Publication Year 2022
300 ## - PHYSICAL DESCRIPTION
Extent 389;. pages: 23 cm
650 ## - SUBJECT ADDED ENTRY--TOPICAL TERM
Subject Customer Relations-Management; Marketing-Management. Customer Loyalty
700 ## - ADDED ENTRY--PERSONAL NAME
Co-Author Marandi, Sara N.
942 ## - ADDED ENTRY ELEMENTS (KOHA)
Koha item type Books
Holdings
Withdrawn status Lost status Source of classification or shelving scheme Damaged status Not for loan Home library Current library Shelving location Accession Date Vendor Price Bill number Total Checkouts Full call number Barcode No Date last seen Discount Bill Date Koha item type Suggested By
    Dewey Decimal Classification     IMTN IMTN Rack 37-A 03/26/2025 Raghav Books Private Limited 1495.00 2374   658.812 SOM 33787 04/01/2025 30 02/14/2025 Books Dr. Mantha Raghu (Head Librarian)
Designed & Maintained by: LRC IMT Nagpur Contact: lrc@imtnag.ac.in© 2024. All Rights Reserved.